<?xml version="1.0" encoding="UTF-8"?>
<collection xmlns="http://www.loc.gov/MARC21/slim">
 <record>
  <leader>01706pamaa2200229   4500</leader>
  <controlfield tag="001">0000046859</controlfield>
  <controlfield tag="005">20130815090000.0</controlfield>
  <controlfield tag="008">100322                             eng  </controlfield>
  <datafield tag="020" ind1="0" ind2="0">
   <subfield code="a">9781437709278 </subfield>
  </datafield>
  <datafield tag="090" ind1="0" ind2="0">
   <subfield code="a">RD97 </subfield>
   <subfield code="b">MA 2011</subfield>
  </datafield>
  <datafield tag="100" ind1="1" ind2="0">
   <subfield code="a">Ma </subfield>
  </datafield>
  <datafield tag="245" ind1="1" ind2="0">
   <subfield code="a">Biomedical acupuncture for sports and trauma rehabilitation : </subfield>
   <subfield code="b">dry needling techniques  </subfield>
   <subfield code="c">Yun-tao Ma.</subfield>
  </datafield>
  <datafield tag="260" ind1="0" ind2="0">
   <subfield code="a">St. Louis, Mo.: </subfield>
   <subfield code="b">Churchill Livingstone, </subfield>
   <subfield code="c">2011.</subfield>
  </datafield>
  <datafield tag="300" ind1=" " ind2=" ">
   <subfield code="a">xix, 275pbill.; </subfield>
   <subfield code="c">28 cm.</subfield>
  </datafield>
  <datafield tag="501" ind1="0" ind2="0">
   <subfield code="a">FMHS</subfield>
  </datafield>
  <datafield tag="505" ind1="0" ind2="0">
   <subfield code="a">Integrative systemic dry needling or dry needling acupuncture : a new modality for athletes -- Homeostasis and stress in sports and exercise -- Human brain plasticity, sports, and sports injuries -- Musculoskeletal systems and human movement -- Overtraining syndrome and the use of muscle in exercise -- Clinical mechanisms of integrative systemic dry needling -- Physiology of acu-reflex points -- Neuroanatomy of acu-reflex points -- Homeostatic acu-reflex point system -- Trigger points and the integrative neuromuscular acu-reflex point system -- Visceral pain and visceral-somatic reflexes -- Pathomechanics of the musculoskeletal system and acu-reflex points -- Using dry needling acupuncture for preventing injury and enhancing athletic performance -- General principles of treating soft-tissue dysfunction in sports injuries -- Preventive and therapeutic treatment of injuries in selected sports -- Safety issues in dry needling acupuncture practice</subfield>
  </datafield>
  <datafield tag="650" ind1="0" ind2="0">
   <subfield code="a">Sports Medicine -- </subfield>
   <subfield code="x">methods </subfield>
  </datafield>
  <datafield tag="650" ind1="0" ind2="0">
   <subfield code="a">Acupuncture Therapy </subfield>
  </datafield>
  <datafield tag="650" ind1="0" ind2="0">
   <subfield code="a">Acupuncture </subfield>
  </datafield>
  <datafield tag="650" ind1="0" ind2="0">
   <subfield code="a">Sports injuries -- </subfield>
   <subfield code="x">Patients -- </subfield>
   <subfield code="x">Rehabilitation </subfield>
  </datafield>
  <datafield tag="650" ind1="0" ind2="0">
   <subfield code="a">Athletic Injuries -- </subfield>
   <subfield code="x">therapy </subfield>
  </datafield>
  <datafield tag="901" ind1=" " ind2=" ">
   <subfield code="u">http://www.elsevierhealth.com</subfield>
  </datafield>
 </record>
</collection>
